=LDR 00000nam 2200000 4500 =001 INLIS000000000018303 =005 20130612113501 =008 ***********************************Ind** =035 ##$$0010-061300000018303 =041 ##$$a Ind =082 ##$$a 636.293 =090 ##$$a 636.293, Mur k =100 ##$$a Murti, Trijoko Wisnu =245 ##$$a Korbau perah dai kerbau kerja, tatalaksana dan pengetahuan dasar pasca panen, Trijoko Wisnu Murti, Gatoto Ciptadi =260 ##$$a 1988 $b Jakarta =300 ##$$a 237 hlm, 21 cm =650 ##$$a Kerbau perah dan kerbau kerja =850 ##$$a NBPNMAT